2018 IIHF World Junior Hockey Championship - USA - Statistics

General Stats
  • This quiz has been taken 44 times
  • The average score is 8 of 24
Answer Stats
Position Player Club NHL Team % Correct
D Quinn Hughes University of Michigan -
71%
G Jake Oettinger Boston University Dallas Stars
65%
F Brady Tkachuk Boston University -
52%
G Jeremy Swayman Univ of Maine Boston Bruins
52%
G Joseph Woll Boston College Toronto Maple Leafs
48%
D Adam Fox Harvard Calgary Flames
42%
F ("C") Joey Anderson Minnesota Duluth New Jersey Devils
42%
D Mikey Anderson Minnesota Duluth LA Kings
42%
F Max Jones London Knights Anaheim Ducks
39%
F Kailer Yamamoto Spokane Chiefs Edmonton Oilers
35%
F Casey Mittelstadt University of Minnesota Buffalo Sabres
32%
F ("A") Kieffer Bellows Portland Winterhawks New York Islanders
32%
F Ryan Poehling St Cloud State Montreal Canadiens
29%
F Trent Frederic University of Wisconsin Boston Bruins
26%
COACH Bob Motzko St Cloud State -
23%
F Josh Norris University of Michigan San Jose Sharks
23%
F Logan Brown Windsor Spitfires Ottawa Senators
23%
D Dylan Samberg Minnesota Duluth Winnipeg Jets
16%
F Riley Tufte Minnesota Duluth Dallas Stars
16%
D ("A") Ryan Lindgren University of Minnesota Boston Bruins
16%
D Scott Perunovich Minnesota Duluth -
16%
F Will Lockwood University of Michigan Vancouver Canucks
13%
D Andrew Peeke Notre Dame Columbus Blue Jackets
10%
F Patrick Harper Boston University Nashville Predators
10%
No matching quizzes found
Score Distribution
Percent of People with Each Score
Percentile by Number Answered
Your Score History
You have not taken this quiz